| 000 | 00686nam a2200229 i 4500 | ||
|---|---|---|---|
| 001 | 172669 | ||
| 003 | ES-MaACL | ||
| 005 | 20250710062734.0 | ||
| 007 | t| | ||
| 008 | 090812s1974 fr ||||1| fre d | ||
| 080 | _a782.8(091) | ||
| 100 | 1 |
_aBruyr, José. _9141164 |
|
| 245 | 1 | 2 |
_aL'operette / _cpar José Bruyr. |
| 250 | _a2e èd. mise a jour. | ||
| 260 |
_aParis : _bPresses Universitaires de France, _c1974. |
||
| 300 |
_a126 p. ; _c18 cm. |
||
| 490 | 1 |
_aQue sais-je? ; _v1006 |
|
| 650 | 0 | 4 |
_aOpereta- _xHistoria. _915718 |
| 830 | 0 | 0 |
_aQue sais-je? _v1006 _9180931 |
| 852 | 4 |
_aES-MaACL _jE-12969 _9R.139163 _z. - Biblioteca Jacinto Martínez Lacalle |
|
| 999 |
_c172669 _d172669 |
||